Statistics for Countries A and Z

Click here to take the quiz!

General Stats

  • This quiz has been taken 30 times
  • The average score is 10 of 13

Answer Stats

Answer% Correct
Zambia
100%
Zimbabwe
100%
Azerbaijan
96%
Kazakhstan
86%
Kyrgyzstan
82%
Uzbekistan
82%
Mozambique
75%
Brazil
71%
New Zealand
71%
Venezuela
71%
Tanzania
61%
Switzerland
57%
Bosnia and Herzegovina
46%

Score Distribution

Percentile by Number Answered

Percent of People with Each Score

Your Score History

You have not taken this quiz